Statistics for Bundesliga all time table

Click here to take the quiz!

General Stats

  • This quiz has been taken 64 times
  • The average score is 29 of 56

Answer Stats

PositionAnswerPoints% Correct
10Bayer Leverkusen2,301
100%
1Bayern Munich3,924
98%
2Borussia Dortmund3,008
98%
7Schalke 042,532
95%
6Borussia Mönchengladbach2,719
91%
9Koln2,415
89%
3Werder Bremen2,788
89%
12Hertha Berlin1,742
86%
5Stuttgart2,732
86%
16Hannover 961,174
82%
15Wolfsburg1,192
82%
8Eintracht Frankfurt2,438
80%
4Hamburger2,750
79%
29RB Leipzig375
79%
23Mainz682
77%
37Union Berlin148
73%
28Augsburg431
71%
25Hoffenheim646
71%
39Dynamo Dresden140
70%
20Freiburg903
68%
11Kaiserslautern2,094
68%
13Bochum1,416
66%
24Arminia Bielefeld661
64%
33St. Pauli254
64%
14Nürnberg1,318
63%
18Fortuna Dusseldorf1,024
61%
221860 Munich884
59%
27Hansa Rostock479
57%
41Darmstadt117
52%
17Duisburg1,147
52%
32Rot-Weiss Essen262
50%
49Greuther Fürth39
46%
52Paderborn31
46%
21Eintracht Braunschweig903
45%
38Saarbrücken144
45%
35Alemannia Aachen157
43%
34Energie Cottbus211
34%
47Ingolstadt 0472
34%
19Karlsruher953
30%
50Ulm35
29%
31Kickers Offenbach282
27%
53Preußen Münster30
23%
46Stuttgarter Kickers77
21%
26Uerdingen 05543
21%
40Rot-Weiß Oberhausen139
20%
51Fortuna Köln33
18%
56Tasmania Berlin10
18%
30Waldhof Mannheim285
18%
48Tennis Borussia Berlin49
16%
44Homburg90
14%
45Unterhaching79
14%
36Wattenscheid150
14%
42Wuppertaler102
11%
54Blau-Weiß Berlin21
7%
43Borussia Neunkirchen93
7%
55Lokomotive Leipzig20
5%

Score Distribution

Percentile by Number Answered

Percent of People with Each Score

Your Score History

You have not taken this quiz